| 000 | 00867nam a2200265 i 4500 | ||
|---|---|---|---|
| 001 | bg | ||
| 245 | 0 | 0 |
_aStudia z teorii polityki. _nT.1 / _cpod red. Andrzeja W. Jabłońskiego i Leszka Sobkowiaka. |
| 250 | _aWyd. 3 popr. | ||
| 260 |
_aWrocław : _bWydaw. Uniwersytetu Wrocławskiego, _c1999. |
||
| 300 |
_a203 s. ; _c24 cm. |
||
| 490 | 1 |
_aActa Universitatis Wratislaviensis, _x0239-6661 ; _vno 1841 |
|
| 504 | _aBibliogr. przy rozdz. | ||
| 650 | 9 |
_aPolityka _xteoria |
|
| 655 | _aPodręczniki akademickie | ||
| 700 | 1 |
_aJABŁOŃSKI, Andrzej Wojciech. _eRed. |
|
| 700 | 1 |
_aSOBKOWIAK, Leszek. _eRed. |
|
| 830 |
_aActa Universitatis Wratislaviensis, _x0239-6661 ; |
||
| 020 | _a8322918968 (t. 1) | ||
| 040 | _cBPK | ||
| 041 | 0 | _apl | |
| 080 | _a32.001(075.8) | ||
| 920 | _a83-229-1896-8 (t. 1) | ||
| 942 | _cKS | ||
| 008 | s pl f |000 0 pol | ||
| 999 |
_c36919 _d36919 |
||
| 856 |
_uhttp://koha.tu.koszalin.pl/cgi-bin/koha/opac-detail.pl?biblionumber=36919 _yKatalog online BPK |
||